000 00286nam a2200109Ia 4500
008 190216s9999||||xx |||||||||||||| ||und||
100 _aTifail
245 4 _aThe Ulama Of Egypt On The Death Of Jesus Christ
260 _bAhmadiyya Anjuman Isha`At Islam
650 _aHistory
942 _cBK
999 _c19839
_d19839